| 000 | 01455nam a2200277 a 4500 | ||
|---|---|---|---|
| 001 | ASIN1741795990 | ||
| 005 | 20170105102926.0 | ||
| 008 | 131212s2011 xxu eng d | ||
| 020 |
_a1741795990 (paperback) _c$26.99 |
||
| 020 | _a9781741795998 (paperback) | ||
| 040 | _a0 | ||
| 050 | 0 | 4 | _aDP14 |
| 082 | 0 | 4 |
_a914.60483 _bHAM 2011 |
| 100 | 1 | _aHam, Anthony. | |
| 245 | 1 | 0 |
_aLonely planet spain / _cAnthony Ham. |
| 250 | _a8th ed. | ||
| 260 |
_a[S.l.] : _bLonely Planet, _c2011. |
||
| 300 |
_a896 p. ; _c20 cm. |
||
| 520 | _a“Windswept Roman ruins, cathedrals of rare power and incomparable jewels of Islamic architecture speak of a country where the great civilizations have risen, fallen and left behind their indelible mark.” – Anthony Ham, Lonely Planet Author Our Promise You can trust our travel information because Lonely Planet authors visit the places we write about, each and every edition. We never accept freebies for positive coverage, and you can rely on us to tell it like we see it. Inside This Book… 8 authors 130 tapas bars reviewed 280 days of research 560 orders of café solo Inspirational photos In-depth background Pull-out city map 3D plans of iconic sights At-a-glance practical info Easy-to-read layout. | ||
| 650 | 0 | _aAndorra | |
| 650 | 0 | _aGibraltar | |
| 650 | 0 | _aSpain | |
| 650 | 0 | _aTravel | |
| 856 | 4 | 0 |
_3Amazon.com _uhttp://www.amazon.com/exec/obidos/ASIN/1741795990/chopaconline-20 |
| 942 |
_2ddc _cBK |
||
| 999 |
_c15835 _d15835 |
||